| 000 | 00471nam a2200157 i 4500 | ||
|---|---|---|---|
| 001 | 133650 | ||
| 003 | ES-MaACL | ||
| 007 | t| | ||
| 008 | 070823s1955 xxk ||||1| eng d | ||
| 100 | 1 |
_aWoodman, Dorothy. _9117331 |
|
| 245 | 1 | 4 |
_aThe Republic of Indonesia / _cby Dorothy Woodman. |
| 260 |
_aLondon : _bThe Cresset Press, _c1955. |
||
| 300 |
_aIX, 444 p. + 1 map. pleg. ; _c22 cm. |
||
| 651 | 4 |
_aIndonesia- _xDescripción. _98842 |
|
| 852 |
_aES-MaACL _jE-7279 _bR.91916 |
||
| 999 |
_c133650 _d133650 |
||